000 00508cam a22002052a 4500
001 021441
003 AR-FADEU
008 311216n2004####xxu####################dd
020 _a950-894-466-8
092 _aD347.51
_bC539
100 _aChindemi, Marcela H.
245 _aRégimen de utilidades en las sociedades anónimas
260 _aBuenos Aires
260 _bAd-Hoc
260 _c2004
300 _a284 p
500 _aIncluye bibliografía
650 _aSOCIEDADES ANONIMAS
942 _cBDGR
999 _c27159
_d27159